000 00527nam a2200181Ia 4500
001 20575
005 20260306172816.0
008 260306t2014||||xx |||||||||||||| ||spa||
041 _aESP
082 _a343.4
_bM36
100 _aMedina Valencia, Hugo
_eAUT
245 0 _aNuevas aplicaciones del hábeas data:
_ba partir del desarrollo jurisprudencial del TC sobre el acceso a la información pública
260 _c2014
300 _a238 páginas :
_c24 cm.
650 _aGEN
654 _aCDE
942 _cLIB
_dJUS
_fJUS
_2ddc
_n
999 _c20575
_d20575